La pedagogía por objetivos: obsesión por la eficiencia /

Guardado en:
Autor Principal: Giméno Sacristán, J.
Formato: Libro
Publicado: España : Morata, 1986
Edición:4a. ed.
Materias:
Etiquetas: Agregar Etiqueta
Sin Etiquetas, Sea el primero en etiquetar este registro!
LEADER 00752nam a22002055a 4500
001 CEM.cems002899
005 19000101000000.0
008 130507s1986##################000#0#####d
003 CEMS
082 0 4 |a 371 
100 1 |a Giméno Sacristán, J. 
245 1 0 |a La pedagogía por objetivos: obsesión por la eficiencia /  |c J. Giméno Sacristán 
250 |a 4a. ed. 
260 |a España :  |b Morata,  |c 1986 
300 |a 176 p. 
505 0 |a La pedagog¡a por objetivos como modelo de teor¡a y pr ctica educativas.- An lisis d ela pedagog¡a por objetivos.- La pretendida neutralidad del enfoque tecnol¢gico.- 
653 |a Educacion 
653 |a Pedagogia 
653 |a Pedagogia por objetivos 
859 |a CEMS  |b BIB. CEMS - 11 de abril  |h 371  |i G429a4  |p 15092.88  |t Ej.1